000 00500nam a2200193Ia 4500
008 210210b2006 xxu||||| |||| 00| 0 eng d
020 _a8122418244
041 _aeng
082 _a658.1511 RAOA
100 _aRAO (M E Thukaram)
245 _aAccounting for managers
260 _aNew Delhi
_bNew Age International (P) Limited, Publishers
_c2006
300 _aviii,1274
650 _amanagers
650 _afor
650 _aAccounting
690 _aManagement Accounting
906 _a061916
999 _c115753
_d115753